00502nam a2200193 a 4500001001300000003000900013005001700022008004100039020001000080082001600090100002700106245002600133260004700159300000900206500003500215505001000250650002100260700002700281nice12345678IN_TiNIC20260116014819.0050524s1967 laha grp 000 0 eng  ac49500a954.91bMUH aMuhammad Ali, Chaudhri aEmergence of Pakistan aLahorebResearch Society of Pakistanc1967 a418p aincludes index and biblioraphy2 aIndex aPakistan-History1 aMuhammad Ali, Chaudhri